Loading...
| Fine Arts - Other | 0 | 3 | 0 | 1 | 30 | 71 | 102.67 | 0 | 1 | 4.24 | 12.00 |
| Fine Arts - Painting and Sculpture | 0 | 3 | 0 | 1 | 30 | 98 | 116.00 | 0 | 1 | 2.73 | 6.00 |
| Literature - British | 0 | 2 | 0 | 0 | 20 | 55 | 83.00 | 1 | 2 | 7.70 | 14.00 |
| History - European | 0 | 1 | 0 | 1 | 10 | 114 | 114.00 | 0 | 0 | 0.00 | 2.00 |
| History - World | 0 | 1 | 0 | 1 | 10 | 118 | 118.00 | 0 | 0 | 0.08 | 2.00 |
| History - American | 0 | 1 | 0 | 1 | 10 | 121 | 121.00 | 0 | 0 | 0.08 | 2.00 |
| Popular Culture | 0 | 1 | 0 | 0 | 10 | 64 | 64.00 | 0 | 1 | 17.17 | 26.67 |
| Science - Other | 0 | 1 | 0 | 0 | 10 | 93 | 93.00 | 0 | 0 | 0.88 | 4.00 |
| Social Science | 0 | 0 | 0 | 0 | 0 | 0.00 | 0 | 0 | 0.00 | 0.00 | |
| Mythology | 0 | 0 | 1 | 0 | -5 | 0.00 | 0 | 0 | 0.00 | 0.00 | |
| Science - Physics | 0 | 0 | 1 | 0 | -5 | 0.00 | 0 | 0 | 0.00 | 0.00 |